Chicago Cubs Managers - Statistics

General Stats
  • This quiz has been taken 191 times
    102 since last reset
  • The average score is 12 of 61
Answer Stats
Year(s) Manager % Correct
2015-19 Joe Maddon
96%
2020- David Ross
78%
2003-06 Dusty Baker
78%
2007-10 Lou Piniella
68%
2014 Rick Renteria
45%
1879, '80-97 Cap Anson
44%
1905-12 Frank Chance
44%
1988-91 Don Zimmer
41%
1966-72 Leo Durocher
41%
2000-02 Don Baylor
36%
1984-86 Jim Frey
34%
1995-99 Jim Riggleman
30%
1916 Joe Tinker
29%
1913, '21 Johnny Evers
29%
1944 Roy Johnson
27%
1938-40 Gabby Hartnett
25%
1977-79 Herman Franks
25%
2012-13 Dale Sveum
23%
1941-44 Jimmie Wilson
23%
1932-38, '44-'49, '60 Charlie Grimm
22%
1982-83 Lee Elia
22%
2010-11 Mike Quade
22%
1930-32 Rogers Hornsby
18%
1972-74 Whitey Lockman
16%
1876-77 Albert Spalding
15%
1974-76 Jim Marshall
15%
1926-30 Joe McCarthy
15%
2002 Bruce Kimm
14%
1986-87 Gene Michael
14%
1991 Jim Essian
14%
1994 Tom Trebelhorn
14%
1983 Charlie Fox
12%
1979, '80-'81 Joey Amalfitano
12%
1980 Preston Gomez
12%
1992-93 Jim Lefebvre
11%
1991 Joe Altobelli
11%
1987 Frank Lucchesi
10%
1963-65 Bob Kennedy
8%
1960 Lou Boudreau
8%
1951-53 Phil Cavaretta
8%
1961-62 El Tappe
7%
1986 John Vukovich
7%
2002 Rene Lachemann
7%
1949-51 Frankie Frisch
5%
1954-56 Stan Hack
5%
1962 Charlie Metro
4%
1961-62, '65 Lou Klein
4%
1925 Rabbit Maranville
4%
1898-99 Tom Burns
4%
1961 Vedie Himsl
4%
1921-25 Bill Killefer
3%
1878 Bob Ferguson
3%
1957-59 Bob Scheffing
3%
1902-05 Frank Selee
3%
1917-20 Fred Mitchell
3%
1925 George Gibson
3%
1914 Hank O'Day
3%
1961 Harry Craft
3%
1915 Roger Bresnahan
3%
1879 Silver Flint
3%
1900-01 Tom Loftus
3%
No matching quizzes found
Score Distribution
Percent of People with Each Score
Percentile by Number Answered
Your Score History
You have not taken this quiz since the last reset